| 000 | 00831nam a2200241 a 4500 | ||
|---|---|---|---|
| 001 | 000023443 | ||
| 005 | 20200930022225.0 | ||
| 008 | 101208s1994 sp r 000 0 spa d | ||
| 040 |
_aDO-SdBNP _bspa _cBNPHU |
||
| 082 |
_a264.36 _bR263c |
||
| 100 | 1 |
_aRay, Sondra _944722 |
|
| 240 | 1 | 0 |
_aInner comunion _lEspañol. |
| 245 | 1 | 0 |
_aComunión : _bmanual práctico / _cSondra Ray ; traducción, Amalia Peradejordi ; prólogo Robert Coon. |
| 260 |
_aBarcelona, España : _bEdiciones Obelisco, _c1994. |
||
| 300 |
_a175 p. ; _c21 cm. |
||
| 490 | 1 | _aNueva consciencia | |
| 500 | _aPara comulgar con tu corazón y llenar tu vida de luz | ||
| 650 | 4 |
_aEucaristia _948308 |
|
| 650 | 4 |
_aComunión _948309 |
|
| 700 | 1 | 2 |
_aPeradejordi, Amalia _etraductor _948310 |
| 700 | 1 | 2 |
_aCoon, Robert _eprólogo _948311 |
| 830 | 0 |
_aNueva consciencia _948106 |
|
| 999 |
_c22939 _d22939 |
||